| 000 | 00598nam a22001817a 4500 | ||
|---|---|---|---|
| 999 |
_c174650 _d174650 |
||
| 005 | 20200730132044.0 | ||
| 010 | _aENG-128299 | ||
| 020 |
_c295.00 _a9789352837366 |
||
| 035 | _aEN-111831 | ||
| 037 | _bDBAD/PUB | ||
| 082 | _a338.7 | ||
| 100 | _aAhuja,H L | ||
| 245 |
_aBusiness Economics/ _cby H L Ahuja, Amit Ahuja _bMicroeconomic Analysis: |
||
| 260 |
_aNew Delhi _bS.Chand _c2019 |
||
| 270 |
_aHead Office:7361,Ram Nagar,Qutab Rord _bNew Delhi _e110055 _k23672080 _l91-11-23677446 _minfo@schandpublishing.com |
||
| 300 |
_axxi;690p. _c24cm(Pbk) |
||
| 942 |
_2ddc _cEN _h338.7 _mAHU |
||